| 000 | 00991nam a2200289 a 4500 | ||
|---|---|---|---|
| 001 | 000006050 | ||
| 003 | DO-SdBNP | ||
| 005 | 20230418084807.0 | ||
| 007 | ta | ||
| 008 | 090826s2004 dr 001 0 spa d | ||
| 040 |
_aDO-SdBNP _bspa _cBNPHU _erda |
||
| 082 | 4 |
_a323.445 _bR426L _222 |
|
| 110 | 2 |
_aRepública Dominicana. (Leyes, etc.) _9447 |
|
| 240 | 1 | 2 | _a[Leyes, etc.] |
| 245 | 1 | 0 | _aLey general sobre libre acceso a la información pública No. 200-04, del 28 de julio 2004 y su reglamento No. 130-05 |
| 264 |
_aSanto Domingo : _b[sin editora] _c2004 |
||
| 300 |
_a46 paginas ; _c22 cm. |
||
| 336 |
_2rdaconten. _atexto _btxt |
||
| 337 |
_2rdamedia _asin mediación _bn |
||
| 338 |
_2rdacarrier _avolumen _bnc |
||
| 590 | _aInventariado, 2023 / DG | ||
| 650 | 4 |
_aDerechos civiles _xLegislación _917043 _zRepública Dominicana |
|
| 650 | 4 |
_aLey No. 200-04 _917044 |
|
| 650 | 4 |
_aLibertad de información _zRepública Dominicana _xLegislación _983270 |
|
| 910 | _aDG | ||
| 942 |
_2ddc _cLF2 |
||
| 999 |
_c53290 _d53290 |
||